| 000 | 00462nam a2200181Ia 4500 | ||
|---|---|---|---|
| 003 | IN-BaIIA | ||
| 008 | 211028s9999 xx 000 0 eng d | ||
| 020 | _a0-03-005932-1 | ||
| 040 | _cIIA Library | ||
| 080 |
_a53 _bSER |
||
| 100 |
_aSerway, Raymand A _935675 |
||
| 245 | 0 |
_aPhysics for scientists and engineers _cRaymand A. Serway |
|
| 250 | _a4th ed. | ||
| 260 |
_aU.S.A _bJohn Vondeling _c1996 |
||
| 300 | _a1188p. | ||
| 650 |
_aPhysics _973 |
||
| 942 | _cBK | ||
| 999 |
_c18601 _d18601 |
||